| 000 | 02464cam a2200625 i 4500 | ||
|---|---|---|---|
| 001 | ocn892701406 | ||
| 003 | OCoLC | ||
| 005 | 20200320200403.0 | ||
| 008 | 141009t20152014nyua j 000 1 eng c | ||
| 010 | _z2013017903 | ||
| 020 |
_a9781442478350 _q(paperback) |
||
| 020 |
_a1442478357 _q(paperback) |
||
| 020 | _c17.96 | ||
| 035 | _a(OCoLC)892701406 | ||
| 040 |
_aYDXCP _beng _erda _cYDXCP _dBTCTA _dBDX _dOCLCQ _dNYP _dOCLCO _dOCLCF _dOCLCO _dOCLCQ _dOU9 _dTXM _dOCLCO _dWACOL |
||
| 042 | _apcc | ||
| 049 | _aWACL | ||
| 050 | 4 |
_aPZ7.M4784675 _bSw 2015 |
|
| 082 | 4 | _a[E] | |
| 092 |
_aE _bMcG |
||
| 100 | 1 |
_aMcGhee, Alison, _d1960- _eauthor. _945974 |
|
| 245 | 1 | 4 |
_aThe sweetest witch around / _cAlison McGhee ; illustrations by Harry Bliss. |
| 250 | _aFirst Simon & Schuster books for Young Readers paperback edition. | ||
| 264 | 1 |
_aNew York : _bSimon & Schuster Books for Young Readers, _c2015. |
|
| 264 | 4 | _c©2014 | |
| 300 |
_a1 volume (unpaged) : _bcolor illustrations ; _c24 x 27 cm |
||
| 336 | _atext | ||
| 336 | _astill image | ||
| 337 | _aunmediated | ||
| 338 | _avolume | ||
| 500 | _a"A Paula Wiseman Book." | ||
| 520 | _aOn Halloween, a little witch and her baby sister study humans and their mysterious ways. | ||
| 521 | 1 | _aAges 4-8. | |
| 650 | 0 |
_aWitches _vJuvenile fiction. _95673737 |
|
| 650 | 0 |
_aSisters _vJuvenile fiction. _95674652 |
|
| 650 | 0 |
_aHalloween _vJuvenile fiction. _95917587 |
|
| 650 | 0 |
_aPicture books for children. _95917588 |
|
| 650 | 1 |
_aWitches _vFiction. _95673734 |
|
| 650 | 1 |
_aSisters _vFiction. _95674091 |
|
| 650 | 1 |
_aHalloween _vFiction. _95684667 |
|
| 650 | 7 |
_aHalloween. _2fast _0(OCoLC)fst00950624 _95917589 |
|
| 650 | 7 |
_aPicture books for children. _2fast _0(OCoLC)fst01063717 _95917588 |
|
| 650 | 7 |
_aSisters. _2fast _0(OCoLC)fst01119758 _95917590 |
|
| 650 | 7 |
_aWitches. _2fast _0(OCoLC)fst01176346 _95917591 |
|
| 655 | 7 |
_aFiction. _2fast _0(OCoLC)fst01423787 _95673940 |
|
| 655 | 7 |
_aJuvenile works. _2fast _0(OCoLC)fst01411637 _95673941 |
|
| 700 | 1 |
_aBliss, Harry, _d1964- _eillustrator. _9425 |
|
| 938 |
_aBrodart _bBROD _n111225906 |
||
| 938 |
_aBaker and Taylor _bBTCP _nBK0015793816 |
||
| 938 |
_aYBP Library Services _bYANK _n12108471 |
||
| 942 |
_cBOOK _024 |
||
| 948 |
_a08/24/2016 _b08/24/2016 _zSirsi |
||
| 994 |
_aC0 _bWACOL |
||
| 996 |
_a133422 _b34301001344888 _cE _dbk _ewcl _fi _g24 _h15.96 _lpenworthy _mMcG _p08/24/2016 _q02/05/2020 _r01/23/2020 |
||
| 999 |
_c292694 _d292693 |
||